000 00741nam a2200193Ia 4500
003 LDD
008 190117s9999 xx 000 0 und d
020 _c₹150
040 _cLDD
041 _ahi
082 _a305.4 ब13692मु
100 _aबख्श,ज़हर
245 0 _aमुस्लिम महिला रत्न
_cज़हर बख्श
260 _aिल्ली |
_b्वर्ण जयंती 1
_c1998
300 _a117
901 _aANI
904 _aReqst by : वी.आर.जगन्नाथन
942 _2ddc
_cH
999 _c164456
_d164456